[Event "Hannover Region-ch"]
[Site "Hannover"]
[Date "2015.03.21"]
[Round "7"]
[White "Schiller, Wolfgang"]
[Black "Lick, Helmut"]
[Result "1/2-1/2"]
[WhiteElo "1461"]
[BlackElo "1399"]
[PlyCount "48"]
[EventDate "2015.01.10"]
[EventType "swiss"]
[EventRounds "7"]
[EventCountry "GER"]
[SourceTitle "EXT 2021"]
[Source "ChessBase"]
[SourceDate "2020.10.23"]
[SourceVersion "1"]
[SourceVersionDate "2020.10.23"]
[SourceQuality "1"]

1. e4 c6 2. d4 d5 3. e5 Bf5 4. Nf3 e6 5. Nc3 Bb4 6. Bd2 Ne7 7. a3 Bxc3 8. Bxc3 0-0 9. Bd3 Nd7 10. Bb4 Re8 11. 0-0 a5 12. Bxe7 Qxe7 13. Bxf5 exf5 14. Qd3 g6 15. Rfe1 Nf8 16. Re2 Ne6 17. Qd2 Kg7 18. Rae1 h5 19. h4 Rh8 20. c3 a4 21. Rc1 b5 22. g3 Rab8 23. Kg2 Rhd8 24. Rh1 Rh8 1/2-1/2

[Event "Hannover Region-ch"]
[Site "Langenhagen"]
[Date "2012.01.14"]
[Round "1"]
[White "Zakidyshev, Gennadiy"]
[Black "Schiller, Wolfgang"]
[Result "1-0"]
[WhiteElo "1958"]
[BlackElo "1500"]
[PlyCount "41"]
[EventDate "2012.01.14"]
[EventType "swiss"]
[EventRounds "7"]
[EventCountry "GER"]
[SourceTitle "EXT 2021"]
[Source "ChessBase"]
[SourceDate "2020.10.23"]
[SourceVersion "1"]
[SourceVersionDate "2020.10.23"]
[SourceQuality "1"]

1. d4 Nf6 2. Nf3 d5 3. e3 e6 4. Bd3 c5 5. c3 c4 6. Bc2 Bd6 7. Nbd2 0-0 8. 0-0 Nc6 9. e4 dxe4 10. Nxe4 Nxe4 11. Bxe4 Qc7 12. h3 f5 13. Bc2 h6 14. d5 Ne5 15. dxe6 Nxf3+ 16. Qxf3 Bxe6 17. Re1 Rae8 18. Be3 a6 19. Rad1 b5 20. Qh5 Rf6 21. Qxe8+ 1-0

[Event "Hannover Region-ch"]
[Site "Langenhagen"]
[Date "2011.03.05"]
[Round "4"]
[White "Loessing, Thorsten"]
[Black "Schiller, Wolfgang"]
[Result "1/2-1/2"]
[WhiteElo "1499"]
[BlackElo "1452"]
[PlyCount "65"]
[EventDate "2011.01.29"]
[EventType "swiss"]
[EventRounds "7"]
[EventCountry "GER"]
[SourceTitle "EXT 2021"]
[Source "ChessBase"]
[SourceDate "2020.10.23"]
[SourceVersion "1"]
[SourceVersionDate "2020.10.23"]
[SourceQuality "1"]

1. e4 e5 2. Nf3 Nc6 3. d4 exd4 4. c3 Qe7 5. Bd3 dxc3 6. Nxc3 d6 7. Bg5 f6 8. Nd5 Qd8 9. Bd2 Nge7 10. Qa4 Bd7 11. Qb3 Nxd5 12. exd5 Ne5 13. Nxe5 fxe5 14. Qxb7 Rb8 15. Qxa7 Ra8 16. Qe3 Be7 17. 0-0 0-0 18. b4 Bf6 19. Qe4 g6 20. g4 Bh4 21. b5 Qf6 22. Be3 Ra3 23. Be2 Rfa8 24. Qc2 Qd8 25. Rfc1 R8a5 26. Bd2 Bxf2+ 27. Kxf2 Qh4+ 28. Kg2 Rxb5 29. Bxb5 Qxg4+ 30. Kh1 Qf3+ 31. Kg1 Qg4+ 32. Kh1 Qf3+ 33. Kg1 1/2-1/2

[Event "Hannover Region-ch"]
[Site "Langenhagen"]
[Date "2010.05.08"]
[Round "7"]
[White "Schiller, Wolfgang"]
[Black "Goehner, Matthias"]
[Result "0-1"]
[WhiteElo "1486"]
[BlackElo "1265"]
[PlyCount "60"]
[EventDate "2010.01.16"]
[EventType "swiss"]
[EventRounds "7"]
[EventCountry "GER"]
[SourceTitle "EXT 2021"]
[Source "ChessBase"]
[SourceDate "2020.10.23"]
[SourceVersion "1"]
[SourceVersionDate "2020.10.23"]
[SourceQuality "1"]

1. e4 c6 2. d4 d5 3. e5 Bf5 4. Nf3 e6 5. Nc3 c5 6. Bb5+ Nc6 7. Bxc6+ bxc6 8. Bg5 f6 9. exf6 Nxf6 10. 0-0 h6 11. Bd2 Qb6 12. dxc5 Qxc5 13. Re1 Ng4 14. Be3 Qd6 15. Bd4 c5 16. Be5 Nxe5 17. Rxe5 Be7 18. Qe2 0-0 19. Nh4 Bxh4 20. Re1 Bg4 21. Qxg4 Bxf2+ 22. Kh1 Bxe1 23. Rxe1 Rae8 24. Nb5 Qa6 25. a4 Qb6 26. h3 a6 27. Nc3 Qxb2 28. Nxd5 exd5 29. Rxe8 Rxe8 30. Qd7 Re1+ 0-1

[Event "Hannover Region-ch"]
[Site "Langenhagen"]
[Date "2010.02.13"]
[Round "2"]
[White "Schiller, Wolfgang"]
[Black "Baum, Frank Christian"]
[Result "1/2-1/2"]
[WhiteElo "1486"]
[BlackElo "1629"]
[PlyCount "93"]
[EventDate "2010.01.16"]
[EventType "swiss"]
[EventRounds "7"]
[EventCountry "GER"]
[SourceTitle "EXT 2021"]
[Source "ChessBase"]
[SourceDate "2020.10.23"]
[SourceVersion "1"]
[SourceVersionDate "2020.10.23"]
[SourceQuality "1"]

1. e4 e6 2. d4 d5 3. exd5 exd5 4. Nf3 Nc6 5. Bb5 Nf6 6. Bxc6+ bxc6 7. 0-0 Be7 8. Re1 0-0 9. Ne5 Bb7 10. Be3 Bd6 11. Nd2 c5 12. c3 cxd4 13. cxd4 c5 14. Ndf3 Re8 15. Bg5 cxd4 16. Qxd4 Bxe5 17. Nxe5 Qd6 18. Bf4 Qa6 19. a3 Rac8 20. Rac1 Ne4 21. Rxc8 Rxc8 22. f3 Nd6 23. Rc1 Rxc1+ 24. Bxc1 Nf5 25. Qd3 Qb6+ 26. Kh1 Qe6 27. f4 f6 28. Nf3 Ba6 29. Qd2 Bc4 30. Qe1 Qxe1+ 31. Nxe1 d4 32. Kg1 Kf7 33. Kf2 Ke6 34. b4 Kd5 35. Nf3 d3 36. Ke1 Nd6 37. Nd2 Kd4 38. Bb2+ Kd5 39. Kf2 Ne4+ 40. Nxe4 Kxe4 41. Bc1 f5 42. g3 Kd4 43. Bb2+ Ke4 44. Bc3 g6 45. Bd2 Bb5 46. Bc3 Kd5 47. Ke3 1/2-1/2

[Event "Hannover Region-ch"]
[Site "Langenhagen"]
[Date "2010.01.16"]
[Round "1"]
[White "Zakidyshev, Gennadiy"]
[Black "Schiller, Wolfgang"]
[Result "1-0"]
[WhiteElo "1903"]
[BlackElo "1486"]
[PlyCount "51"]
[EventDate "2010.01.16"]
[EventType "swiss"]
[EventRounds "7"]
[EventCountry "GER"]
[SourceTitle "EXT 2021"]
[Source "ChessBase"]
[SourceDate "2020.10.23"]
[SourceVersion "1"]
[SourceVersionDate "2020.10.23"]
[SourceQuality "1"]

1. d4 Nf6 2. Nf3 d5 3. e3 e6 4. c4 Be7 5. Nc3 0-0 6. Bd3 dxc4 7. Bxc4 a6 8. 0-0 b5 9. Bd3 Bb7 10. a3 Nbd7 11. e4 c5 12. e5 Nd5 13. Nxd5 Bxd5 14. Re1 cxd4 15. Nxd4 Rc8 16. Qg4 g6 17. Bh6 Re8 18. Rad1 Bf8 19. Bxf8 Rxf8 20. Nf3 Bb3 21. Rd2 Qa5 22. Qf4 Bd5 23. Be4 Nb6 24. Qh6 f6 25. Bxg6 hxg6 26. Qxg6+ 1-0

[Event "Hannover Region-ch"]
[Site "Hannover"]
[Date "2008.04.12"]
[Round "7"]
[White "Schiller, Wolfgang"]
[Black "Chmelev, Alex"]
[Result "0-1"]
[WhiteElo "1497"]
[BlackElo "1722"]
[PlyCount "82"]
[EventDate "2008.01.12"]
[EventType "swiss"]
[EventRounds "7"]
[EventCountry "GER"]
[SourceTitle "EXT 2021"]
[Source "ChessBase"]
[SourceDate "2020.10.23"]
[SourceVersion "1"]
[SourceVersionDate "2020.10.23"]
[SourceQuality "1"]

1. e4 c5 2. Nc3 Nc6 3. Nf3 d6 4. Be2 g6 5. 0-0 Bg7 6. Nd5 e6 7. Ne3 Nge7 8. c3 0-0 9. Qc2 f5 10. exf5 Nxf5 11. Bd3 Nfe7 12. b3 d5 13. Bb2 e5 14. Be2 e4 15. Ne1 d4 16. cxd4 cxd4 17. Bc4+ Kh8 18. Nd1 Bf5 19. d3 exd3 20. Bxd3 Nb4 21. Qd2 Nxd3 22. Nxd3 Rc8 23. Rc1 Rxc1 24. Bxc1 Nc6 25. N1b2 Be4 26. f3 Bd5 27. Nb4 Be6 28. N2d3 Ne5 29. Nc5 Bf5 30. Nxb7 Qb6 31. Bb2 d3+ 32. Kh1 Qxb7 33. Bxe5 Bxe5 34. Qe3 Bg7 35. Nxd3 Qa6 36. Rd1 Qxa2 37. Nc5 Qa5 38. g4 Bc8 39. Ne6 Re8 40. Rd8 Qxd8 41. Nxd8 Rxe3 0-1

[Event "Hannover Region-ch"]
[Site "Hannover"]
[Date "2008.02.13"]
[Round "4"]
[White "Krueger, Finn"]
[Black "Schiller, Wolfgang"]
[Result "0-1"]
[WhiteElo "1242"]
[BlackElo "1497"]
[PlyCount "98"]
[EventDate "2008.01.12"]
[EventType "swiss"]
[EventRounds "7"]
[EventCountry "GER"]
[SourceTitle "EXT 2021"]
[Source "ChessBase"]
[SourceDate "2020.10.23"]
[SourceVersion "1"]
[SourceVersionDate "2020.10.23"]
[SourceQuality "1"]

1. e4 e5 2. Nf3 Nc6 3. Bc4 Nf6 4. Nc3 Bc5 5. 0-0 0-0 6. d3 d6 7. Bg5 h6 8. Bh4 g5 9. Bg3 Bg4 10. Nd5 Nd4 11. h4 Nxf3+ 12. gxf3 Bh3 13. Re1 Nxd5 14. Bxd5 c6 15. Bc4 gxh4 16. Kh2 hxg3+ 17. Kxh3 Bxf2 18. Rf1 Qg5 19. Kg2 Kg7 20. d4 h5 21. dxe5 Qxe5 22. c3 h4 23. Rh1 Rh8 24. Rh3 Be3 25. Qd3 Bf4 26. Qd4 Qxd4 27. cxd4 Rh5 28. b3 Rah8 29. Rd1 f5 30. d5 fxe4 31. fxe4 cxd5 32. Bxd5 b6 33. Rf1 Rf8 34. Bc4 Be5 35. Rxf8 Kxf8 36. Bd5 Bf6 37. a4 Rh7 38. Rh1 Rc7 39. Bc4 Kg7 40. Rf1 Rc5 41. Rf5 Rxf5 42. exf5 Bg5 43. Be6 Kf6 44. Kf3 Ke5 45. Bd7 Kd4 46. Be6 d5 47. Ke2 Ke5 48. Kf3 d4 49. Bc4 Kxf5 0-1

[Event "Hannover Region-ch"]
[Site "Hannover"]
[Date "2008.02.09"]
[Round "3"]
[White "Schiller, Wolfgang"]
[Black "Zucker, Stefan"]
[Result "0-1"]
[WhiteElo "1497"]
[BlackElo "1837"]
[PlyCount "42"]
[EventDate "2008.01.12"]
[EventType "swiss"]
[EventRounds "7"]
[EventCountry "GER"]
[SourceTitle "EXT 2021"]
[Source "ChessBase"]
[SourceDate "2020.10.23"]
[SourceVersion "1"]
[SourceVersionDate "2020.10.23"]
[SourceQuality "1"]

1. e4 e5 2. Nf3 Nc6 3. d4 exd4 4. Bc4 Bb4+ 5. c3 dxc3 6. 0-0 c2 7. Qxc2 Nf6 8. e5 Ng4 9. Bxf7+ Kxf7 10. Qf5+ Nf6 11. exf6 Qxf6 12. Ng5+ Ke7 13. Re1+ Bxe1 14. Qe4+ Qe5 15. Qh4 Ke8 16. Na3 Rf8 17. Be3 Qxe3 18. Qh5+ g6 19. Qxg6+ hxg6 20. fxe3 Bf2+ 21. Kh1 Bxe3 0-1

[Event "Hannover Region-ch"]
[Site "Hannover"]
[Date "2008.01.12"]
[Round "1"]
[White "Schiller, Wolfgang"]
[Black "Ousatchi, Mark"]
[Result "0-1"]
[WhiteElo "1497"]
[BlackElo "1967"]
[PlyCount "94"]
[EventDate "2008.01.12"]
[EventType "swiss"]
[EventRounds "7"]
[EventCountry "GER"]
[SourceTitle "EXT 2021"]
[Source "ChessBase"]
[SourceDate "2020.10.23"]
[SourceVersion "1"]
[SourceVersionDate "2020.10.23"]
[SourceQuality "1"]

1. e4 c5 2. d4 cxd4 3. Qxd4 Nc6 4. Qd1 g6 5. Nf3 Bg7 6. Bd3 d6 7. 0-0 Nf6 8. Nc3 0-0 9. Nd5 Bg4 10. h3 Bxf3 11. Qxf3 Ne5 12. Qe2 Nxd5 13. exd5 Nxd3 14. Qxd3 Rc8 15. c3 Qa5 16. Be3 Rc7 17. Rfe1 Rfc8 18. Bg5 Bf8 19. Be3 Qa4 20. b3 Qa5 21. c4 Bg7 22. Bd4 Bxd4 23. Qxd4 b5 24. cxb5 Qxb5 25. Qg4 Qxd5 26. Rxe7 Rxe7 27. Qxc8+ Kg7 28. Qc3+ Qe5 29. Qxe5+ dxe5 30. Rc1 Kf6 31. f3 h5 32. g4 Rd7 33. Rc2 Kg5 34. Kg2 f5 35. gxf5 gxf5 36. Re2 Kf4 37. Rc2 Rd3 38. Rc4+ e4 39. fxe4 fxe4 40. Rc2 Rg3+ 41. Kh2 h4 42. Rf2+ Rf3 43. Rg2 Rg3 44. Rf2+ Ke3 45. Rc2 Rg7 46. a4 Kd3 47. Rc4 Rb7 0-1